000 00779nam a22002297a 4500
003 OSt
005 20250704061253.0
008 250704b |||||||| |||| 00| 0 eng d
020 _a9786214160563
040 _aDWCL - Main lib
_cOC
082 _aFil. 657.3 C112f 2018
100 _aCabrera, Ma. Elenita B.
245 _a Financial accounting and reporting fundamentals/
_cMa. Elenita B. cabrera
250 _a2018-2019 edition.
260 _aManila :
_bGIC Enterprises & Co.,
_cc2018.
300 _aix, 391 pages :
_b illustrations ;
_c 24 cm.
504 _aIncludes bibliographical references and index.
650 _a1.Accounting.
650 _a2. Finance and accounting.
650 _a3.Financial statements.
942 _2ddc
_cBK - FIL
_e2018-2019 edition.
_kFil.
_n0
999 _c3386
_d3386